000 00715nam a22002172 4500
001 0000018418
005 20151217152128.0
008 091028s xx 000 0 eng d
020 _a0273710958 :
040 _aKABU
_cKABU
100 1 _aStutely, Richard.
_@0000177662
245 1 4 _aThe Definitive guide to business finance :
_bwhat smart managers do with the numbers /
_cRichard Stutely.
250 _a2nd ed.
260 _aHarlow, England :
_bPrentice Hall,
_c2007.
300 _axviii, 412 p.
650 0 _aBusiness enterprise
_xFinance.
_@0000150627
650 0 _aManagerial accounting.
_@0000151472
852 1 _9p1980 KES
908 _a091028
950 _@1
999 _c8563
_d8563